[Event "Monarch Assurance Isle of Man 8th"]
[Site "Port Erin IOM"]
[Date "1999.11.10"]
[Round "5"]
[White "Hunt, Adam"]
[Black "Fraser-Mitchell, Jeremy"]
[Result "1-0"]
[WhiteElo "2288"]
[BlackElo "2066"]
[PlyCount "59"]
[EventDate "1999.11.06"]
[EventType "swiss"]
[EventRounds "9"]
[EventCountry "IOM"]

1. e4 e6 2. d4 d5 3. Nc3 Bb4 4. e5 Qd7 5. Bd2 b6 6. Nf3 Ba6 7. Bxa6 Nxa6 8. Ne2
Bf8 9. Nf4 O-O-O 10. O-O Ne7 11. Qe2 Kb7 12. b4 Nf5 13. b5 Nb8 14. a4 g5 15.
Nxg5 Nxd4 16. Qh5 Rg8 17. Nxf7 Re8 18. Ng5 Bg7 19. Nd3 Ref8 20. Nxh7 Rf5 21.
Qg4 Bxe5 22. Qxg8 Bxh2+ 23. Kh1 Bd6 24. Qg6 Qd8 25. g3 Nd7 26. Kg2 Nf3 27. Qxe6
Nd4 28. Qg6 Ne5 29. Nxe5 Bxe5 30. c3 1-0

[Event "Monarch Assurance Isle of Man 8th"]
[Site "Port Erin IOM"]
[Date "1999.11.10"]
[Round "5"]
[White "Jackson, Adrian"]
[Black "Thiruchelvam, Murugan"]
[Result "1-0"]
[WhiteElo "2223"]
[BlackElo "2072"]
[PlyCount "75"]
[EventDate "1999.11.06"]
[EventType "swiss"]
[EventRounds "9"]
[EventCountry "IOM"]

1. d4 Nf6 2. Bg5 Ne4 3. Bf4 d5 4. e3 e6 5. Bd3 Nd7 6. Bxe4 dxe4 7. Nd2 f5 8. f3
exf3 9. Ngxf3 Be7 10. Qe2 Nf6 11. O-O-O O-O 12. Ne5 c5 13. Nb3 cxd4 14. Rxd4
Qe8 15. Rhd1 b6 16. Qc4 b5 17. Qc6 Qxc6 18. Nxc6 Re8 19. Nxe7+ Rxe7 20. Rd8+
Kf7 21. Nc5 Re8 22. Rxe8 Kxe8 23. Rd6 Ke7 24. Rc6 Nd5 25. Bd6+ Ke8 26. Be5 Nxe3
27. Rc7 g5 28. Rxh7 Nxg2 29. Nxe6 Bxe6 30. Rh8+ Kf7 31. Rxa8 f4 32. Rxa7+ Ke8
33. Bf6 f3 34. Kd2 Bc4 35. Bd4 g4 36. b3 Bd5 37. Rg7 Be6 38. Rb7 1-0

[Event "Monarch Assurance Isle of Man 8th"]
[Site "Port Erin IOM"]
[Date "1999.11.10"]
[Round "5"]
[White "Longson, Alex"]
[Black "Hickman, John"]
[Result "1/2-1/2"]
[WhiteElo "2169"]
[BlackElo "2125"]
[PlyCount "122"]
[EventDate "1999.11.06"]
[EventType "swiss"]
[EventRounds "9"]
[EventCountry "IOM"]

1. e4 d6 2. d4 Nf6 3. Nc3 c6 4. f4 Qa5 5. e5 Ne4 6. Qf3 d5 7. Bd3 Na6 8. Nge2
Nb4 9. O-O Nxd3 10. cxd3 Nxc3 11. bxc3 g6 12. Bd2 h5 13. Be1 Bg4 14. Qe3 Bxe2
15. Qxe2 e6 16. Qb2 Rb8 17. c4 Qa3 18. Qxa3 Bxa3 19. Rb1 Be7 20. Bb4 Kd7 21.
Bxe7 Kxe7 22. a4 b6 23. Kf2 a6 24. Rfc1 Kd7 25. Kg3 b5 26. cxb5 cxb5 27. axb5
axb5 28. Rb4 Rb7 29. Rc5 Rhb8 30. Kh4 Ke8 31. Kg5 Kf8 32. Kf6 Kg8 33. g3 Kh7
34. h3 Kg8 35. g4 hxg4 36. hxg4 Rb6 37. Kg5 Kg7 38. f5 gxf5 39. gxf5 R6b7 40.
Rc6 Rb6 41. Rc7 R6b7 42. Rc5 Rb6 43. fxe6 fxe6 44. Rc7+ Kf8 45. Kf6 Kg8 46.
Rg7+ Kf8 47. Rf7+ Ke8 48. Re7+ Kd8 49. Rxe6 Kd7 50. Rxb6 Rxb6+ 51. Kf7 Rb7 52.
Kf6 Rb6+ 53. Kf7 Rb7 54. e6+ Kd6+ 55. Kf6 Re7 56. Rxb5 Rxe6+ 57. Kf5 Re3 58.
Rb6+ Kd7 59. Rh6 Re1 60. Kf4 Re2 61. Rh3 Kd6 1/2-1/2

[Event "Monarch Assurance Isle of Man 8th"]
[Site "Port Erin IOM"]
[Date "1999.11.10"]
[Round "5"]
[White "McLean, John"]
[Black "Hank, Holger"]
[Result "1-0"]
[WhiteElo "2135"]
[BlackElo "2063"]
[PlyCount "83"]
[EventDate "1999.11.06"]
[EventType "swiss"]
[EventRounds "9"]
[EventCountry "IOM"]

1. e4 e6 2. d4 d5 3. Nd2 Nf6 4. e5 Nfd7 5. c3 c5 6. f4 Nc6 7. Ndf3 f5 8. Ne2
Be7 9. g3 O-O 10. Bh3 Kh8 11. O-O cxd4 12. Nexd4 Nxd4 13. Nxd4 Qb6 14. Kh1 Nc5
15. Bg2 Bd7 16. b4 Na4 17. Rf3 Qa6 18. Bf1 b5 19. Qe2 Rab8 20. Bd2 Qb6 21. Rb1
a6 22. Rd3 Rbc8 23. Rb3 Qd8 24. g4 g6 25. Rh3 Qe8 26. Qg2 Qf7 27. Bd3 Rg8 28.
g5 Rg7 29. Rh6 Kg8 30. Be1 Kf8 31. Ra3 Bd8 32. Qe2 Ra8 33. h4 Nb6 34. Rb3 Rc8
35. h5 Na4 36. hxg6 Rxg6 37. Qh5 Rxh6 38. Qxh6+ Ke8 39. Bxf5 exf5 40. e6 Qe7
41. Nxf5 Qf8 42. Qh5+ 1-0

[Event "Monarch Assurance Isle of Man 8th"]
[Site "Port Erin IOM"]
[Date "1999.11.10"]
[Round "5"]
[White "McLeod, Fraser"]
[Black "Kristensen, Bjarke"]
[Result "0-1"]
[WhiteElo "1832"]
[BlackElo "2406"]
[PlyCount "106"]
[EventDate "1999.11.06"]
[EventType "swiss"]
[EventRounds "9"]
[EventCountry "IOM"]

1. d4 Nf6 2. c4 e6 3. Nc3 Bb4 4. e3 O-O 5. Nge2 b6 6. a3 Be7 7. d5 e5 8. Ng3 d6
9. b4 a5 10. Rb1 Ne8 11. e4 g6 12. Bd3 Ng7 13. Bh6 Nd7 14. Qd2 Nf6 15. h3 Kh8
16. Bg5 h5 17. Nge2 Nh7 18. Bxe7 Qxe7 19. O-O Bd7 20. f4 exf4 21. Qxf4 Kg8 22.
Rf2 h4 23. Nd4 Nh5 24. Qh6 axb4 25. axb4 Qe5 26. Nce2 Qg5 27. Qxg5 Nxg5 28. Nf3
Nxf3+ 29. Rxf3 Ra3 30. Kf2 f5 31. exf5 Rxd3 32. Rxd3 Bxf5 33. Ke3 Re8+ 34. Kd2
Rxe2+ 35. Kxe2 Nf4+ 36. Ke3 Nxd3 37. Ra1 Nxb4 38. Ra7 b5 39. Rxc7 bxc4 40. Kd4
Nc2+ 41. Kxc4 Ne3+ 42. Kd4 Nxg2 43. Rc6 Bxh3 44. Rxd6 Bf5 45. Ra6 h3 46. Ra1
Nf4 47. Ke5 Nd3+ 48. Kf6 Nc5 49. Rh1 Ne4+ 50. Ke7 Kg7 51. d6 Nc5 52. Rc1 Nd7
53. Rf1 Kh6 0-1

[Event "Monarch Assurance Isle of Man 8th"]
[Site "Port Erin IOM"]
[Date "1999.11.10"]
[Round "5"]
[White "Nicholson, John"]
[Black "Nieminen, Kari"]
[Result "1/2-1/2"]
[WhiteElo "2023"]
[BlackElo "2230"]
[PlyCount "47"]
[EventDate "1999.11.06"]
[EventType "swiss"]
[EventRounds "9"]
[EventCountry "IOM"]

1. e4 c5 2. Nf3 d6 3. c3 Nf6 4. Bc4 e6 5. d3 Be7 6. Bb3 Nc6 7. O-O O-O 8. Nbd2
a6 9. d4 cxd4 10. Nxd4 Qc7 11. f4 b5 12. Qe2 Qb6 13. Kh1 Nxd4 14. cxd4 Qxd4 15.
e5 dxe5 16. fxe5 Nd5 17. Nf3 Qc5 18. Bg5 Bxg5 19. Nxg5 h6 20. Ne4 Qd4 21. Bxd5
exd5 22. Nd6 Be6 23. Rad1 Qh4 24. Qe3 1/2-1/2

[Event "Monarch Assurance Isle of Man 8th"]
[Site "Port Erin IOM"]
[Date "1999.11.10"]
[Round "5"]
[White "Peters, Stephen"]
[Black "Murtagh, Dermot"]
[Result "1/2-1/2"]
[WhiteElo "2158"]
[BlackElo "1791"]
[PlyCount "81"]
[EventDate "1999.11.06"]
[EventType "swiss"]
[EventRounds "9"]
[EventCountry "IOM"]

1. d4 Nf6 2. c4 c5 3. d5 b5 4. cxb5 a6 5. bxa6 g6 6. b3 Bg7 7. Bb2 O-O 8. g3
Nxa6 9. Bg2 Bb7 10. Nh3 e6 11. Nf4 Nxd5 12. Bxg7 Kxg7 13. O-O Nac7 14. Qc2 d6
15. Rd1 Ra7 16. Nxd5 Bxd5 17. e4 Ba8 18. Nc3 f5 19. Qd3 Qf6 20. f4 Ne8 21. Nb5
fxe4 22. Bxe4 Bxe4 23. Qxe4 Raf7 24. Rac1 e5 25. Rf1 Qe6 26. Rcd1 Rf6 27. Kg2
exf4 28. Qxe6 Rxe6 29. gxf4 Re2+ 30. Kg3 Rxa2 31. Nxd6 Nxd6 32. Rxd6 Rb8 33.
Rf3 Rb4 34. Rdd3 c4 35. bxc4 Rxc4 36. Rd7+ Kh6 37. Rb3 Rcc2 38. h3 Rg2+ 39. Kf3
Rgf2+ 40. Ke4 Rfe2+ 41. Kf3 1/2-1/2

[Event "Monarch Assurance Isle of Man 8th"]
[Site "Port Erin IOM"]
[Date "1999.11.10"]
[Round "5"]
[White "Player, Edmund"]
[Black "Spanton, Tim"]
[Result "1-0"]
[WhiteElo "2105"]
[BlackElo "2147"]
[PlyCount "55"]
[EventDate "1999.11.06"]
[EventType "swiss"]
[EventRounds "9"]
[EventCountry "IOM"]

1. e4 c5 2. Nc3 g6 3. f4 Bg7 4. g3 Nc6 5. d3 e6 6. Bg2 Nge7 7. Be3 Nd4 8. Nf3
d5 9. Bf2 Nxf3+ 10. Bxf3 Qa5 11. Qd2 d4 12. Ne2 Qxd2+ 13. Kxd2 e5 14. Rag1 h5
15. Kc1 Bd7 16. Be1 O-O-O 17. Bd2 Bh6 18. Rf1 f6 19. Bg2 Rdf8 20. Rf2 Be6 21.
Rhf1 Bg7 22. fxe5 fxe5 23. Ng1 Rxf2 24. Rxf2 Nc6 25. Bh3 Kd7 26. Rf7+ Ne7 27.
Rxg7 Rf8 28. Bg5 1-0

[Event "Monarch Assurance Isle of Man 8th"]
[Site "Port Erin IOM"]
[Date "1999.11.10"]
[Round "5"]
[White "Rowson, Jonathan"]
[Black "Sutovsky, Emil"]
[Result "1/2-1/2"]
[WhiteElo "2494"]
[BlackElo "2587"]
[PlyCount "96"]
[EventDate "1999.11.06"]
[EventType "swiss"]
[EventRounds "9"]
[EventCountry "IOM"]

1. d4 Nf6 2. c4 g6 3. f3 d5 4. cxd5 Nxd5 5. e4 Nb6 6. Nc3 Bg7 7. Be3 O-O 8. Qd2
Nc6 9. O-O-O e5 10. d5 Nd4 11. Nb5 Nxb5 12. Bxb5 Bd7 13. Be2 Qe7 14. Kb1 Rfc8
15. h4 c5 16. Rc1 c4 17. h5 Bb5 18. hxg6 fxg6 19. Qa5 Qd7 20. Nh3 Na4 21. Ng5
b6 22. Qe1 c3 23. b3 c2+ 24. Ka1 Nc3 25. Bxb5 Qxb5 26. Rxh7 Qe2 27. Qh1 Rc7 28.
Ne6 Qxe3 29. Nxc7 Nxd5 30. Rxc2 Qd4+ 31. Kb1 Nc3+ 32. Kc1 Nxa2+ 33. Rxa2 Qe3+
34. Kb2 Rc8 35. Nd5 Qd4+ 36. Kb1 Qd3+ 37. Ka1 Qd4+ 38. Kb1 Qd3+ 39. Ka1 Qd4+
40. Rb2 Rc2 41. Rxg7+ Kxg7 42. Qb1 Rc5 43. Qf1 Rc2 44. Qb1 Rc5 45. b4 Ra5+ 46.
bxa5 Qa4+ 47. Qa2 Qd1+ 48. Rb1 Qd4+ 1/2-1/2

[Event "Monarch Assurance Isle of Man 8th"]
[Site "Port Erin IOM"]
[Date "1999.11.10"]
[Round "5"]
[White "Thorfinnsson, Bjorn"]
[Black "Ellison, D George"]
[Result "1-0"]
[WhiteElo "2195"]
[BlackElo "2100"]
[PlyCount "75"]
[EventDate "1999.11.06"]
[EventType "swiss"]
[EventRounds "9"]
[EventCountry "IOM"]

1. d4 e6 2. Nf3 f5 3. c4 Nf6 4. g3 d6 5. Bg2 Be7 6. O-O O-O 7. Nc3 Qe8 8. Re1
Ne4 9. Qc2 Qg6 10. Bf4 Nxc3 11. Qxc3 Bf6 12. Qb3 Kh8 13. c5 dxc5 14. dxc5 c6
15. Bd6 Re8 16. e4 Nd7 17. e5 Be7 18. Rac1 Bxd6 19. cxd6 Nb6 20. Nd4 Nd5 21.
Bxd5 exd5 22. f4 Qf7 23. Qe3 Be6 24. b4 a6 25. a4 Rac8 26. b5 axb5 27. axb5
cxb5 28. Nxb5 Rc4 29. Nc7 Rg8 30. Qb6 g5 31. d7 Bxd7 32. e6 Qf6 33. Nxd5 Rxc1
34. Nxf6 Rxe1+ 35. Kf2 Rxe6 36. Qd4 Rxf6 37. Qxf6+ Rg7 38. Qd8+ 1-0

[Event "Monarch Assurance Isle of Man 8th"]
[Site "Port Erin IOM"]
[Date "1999.11.10"]
[Round "5"]
[White "Tiviakov, Sergei"]
[Black "Ryan, Joe"]
[Result "1-0"]
[WhiteElo "2611"]
[BlackElo "2280"]
[PlyCount "49"]
[EventDate "1999.11.06"]
[EventType "swiss"]
[EventRounds "9"]
[EventCountry "IOM"]

1. e4 e6 2. d4 d5 3. Nd2 Nf6 4. e5 Nfd7 5. c3 c5 6. Bd3 Nc6 7. Ne2 cxd4 8. cxd4
a5 9. O-O Nb6 10. f4 g6 11. Nf3 h5 12. Nc3 Bd7 13. a3 a4 14. Bc2 Be7 15. Ng5
Ra5 16. Kh1 Na7 17. Qd3 Rg8 18. Qh3 Nb5 19. Ne2 Kf8 20. g4 hxg4 21. Qh6+ Ke8
22. Qh7 Rf8 23. Nxf7 Rxf7 24. Bxg6 Bc6 25. f5 1-0

[Event "Monarch Assurance Isle of Man 8th"]
[Site "Port Erin IOM"]
[Date "1999.11.10"]
[Round "5"]
[White "Ward, Chris"]
[Black "Emms, John"]
[Result "1/2-1/2"]
[WhiteElo "2473"]
[BlackElo "2586"]
[PlyCount "31"]
[EventDate "1999.11.06"]
[EventType "swiss"]
[EventRounds "9"]
[EventCountry "IOM"]

1. e4 e5 2. Nf3 Nf6 3. Nc3 Nc6 4. d4 exd4 5. Nxd4 Bb4 6. Nxc6 bxc6 7. Bd3 d5 8.
exd5 cxd5 9. O-O O-O 10. Bg5 c6 11. Qf3 Bd6 12. Rae1 Rb8 13. Nd1 h6 14. Bxf6
Qxf6 15. Qxf6 gxf6 16. b3 1/2-1/2

[Event "Monarch Assurance Isle of Man 8th"]
[Site "Port Erin IOM"]
[Date "1999.11.11"]
[Round "6"]
[White "Baburin, Alexander"]
[Black "Hunt, Adam"]
[Result "1-0"]
[WhiteElo "2593"]
[BlackElo "2288"]
[PlyCount "81"]
[EventDate "1999.11.06"]
[EventType "swiss"]
[EventRounds "9"]
[EventCountry "IOM"]

1. d4 Nf6 2. c4 g6 3. Nf3 Bg7 4. g3 O-O 5. Bg2 d6 6. Nc3 Nc6 7. d5 Na5 8. Qd3
c5 9. O-O a6 10. e4 Nd7 11. Rb1 Rb8 12. b3 b5 13. cxb5 axb5 14. Nxb5 Ba6 15. a4
Bxb5 16. axb5 Qb6 17. Bg5 h6 18. Bh3 c4 19. Qe2 hxg5 20. Bxd7 cxb3 21. Nxg5 Rb7
22. Bc6 Nxc6 23. bxc6 Ra7 24. h4 Bd4 25. h5 b2 26. Kg2 Ra1 27. Nf3 Bc3 28. e5
Qc5 29. Qe4 Kg7 30. hxg6 fxg6 31. exd6 Qxd6 32. Nd4 Rxb1 33. Rxb1 Ra8 34. Nb5
Qe5 35. Nxc3 Qxc3 36. Qxe7+ Kg8 37. Qe6+ Kg7 38. Qe7+ Kg8 39. Qb7 Rf8 40. Qxb2
Qf3+ 41. Kg1 1-0

[Event "Monarch Assurance Isle of Man 8th"]
[Site "Port Erin IOM"]
[Date "1999.11.11"]
[Round "6"]
[White "Daly, Colm"]
[Black "Jackson, Adrian"]
[Result "1/2-1/2"]
[WhiteElo "2378"]
[BlackElo "2223"]
[PlyCount "107"]
[EventDate "1999.11.06"]
[EventType "swiss"]
[EventRounds "9"]
[EventCountry "IOM"]

1. d4 Nf6 2. c4 g6 3. Nc3 Bg7 4. e4 d6 5. Nf3 O-O 6. Be2 e5 7. O-O Na6 8. Re1
c6 9. Bf1 Bg4 10. Be3 Bxf3 11. Qxf3 Ng4 12. Qxg4 exd4 13. Bg5 f6 14. Bd2 dxc3
15. Bxc3 f5 16. Qh3 Bxc3 17. Qxc3 Qf6 18. e5 dxe5 19. Rxe5 c5 20. Be2 Rad8 21.
Bf3 b6 22. Bd5+ Kh8 23. Re7 Nb4 24. Qxf6+ Rxf6 25. Rxa7 Nxd5 26. cxd5 Rfd6 27.
Rb7 Rxd5 28. Re1 R8d7 29. Rxb6 Rd2 30. g3 Rc2 31. a4 Kg7 32. b3 Rdd2 33. Rf1
Ra2 34. Rc6 Rdb2 35. Rxc5 Rxb3 36. a5 Rbb2 37. h4 Rd2 38. Kg2 Rdb2 39. Kf3 Rd2
40. Rb5 Rdc2 41. Ke3 Re2+ 42. Kf3 Rec2 43. h5 Rd2 44. a6 Rd7 45. Rb6 Ra7 46.
Rh1 R2xa6 47. h6+ Kf7 48. Rhb1 g5 49. R1b5 Rxb6 50. Rxb6 Ra3+ 51. Ke2 Ra2+ 52.
Ke3 Ra3+ 53. Kd4 Ra4+ 54. Ke3 1/2-1/2

[Event "Monarch Assurance Isle of Man 8th"]
[Site "Port Erin IOM"]
[Date "1999.11.11"]
[Round "6"]
[White "Ellison, D George"]
[Black "Collins, Sam"]
[Result "0-1"]
[WhiteElo "2100"]
[BlackElo "2097"]
[PlyCount "138"]
[EventDate "1999.11.06"]
[EventType "swiss"]
[EventRounds "9"]
[EventCountry "IOM"]

1. e4 c5 2. c3 e5 3. Nf3 Nc6 4. Bc4 Qc7 5. O-O d6 6. Ng5 Nd8 7. f4 h6 8. Nf3
exf4 9. d4 cxd4 10. Qxd4 Be6 11. Bb5+ Bd7 12. Bxd7+ Qxd7 13. Bxf4 Ne6 14. Qd2
Nf6 15. e5 Ne4 16. Qd5 Qc6 17. Qxc6+ bxc6 18. Be3 d5 19. Nbd2 Nxd2 20. Nxd2 g6
21. b4 Bg7 22. Bd4 O-O 23. Nb3 Rfe8 24. Na5 Nd8 25. Rae1 a6 26. Re3 Rc8 27.
Rfe1 Bf8 28. Nb3 Ne6 29. Kf2 a5 30. a3 a4 31. Nd2 c5 32. bxc5 Nxc5 33. Kf3 Ne6
34. Ra1 Rb8 35. Ra2 h5 36. Re1 Bh6 37. Be3 Bg7 38. Bd4 f6 39. Kf2 Nxd4 40. cxd4
fxe5 41. dxe5 Rxe5 42. Rc1 Rf5+ 43. Nf3 Rb2+ 44. Rxb2 Bxb2 45. Rc8+ Rf8 46. Rc6
Rf6 47. Rc8+ Kg7 48. Ra8 Rf4 49. Ra5 Bxa3 50. Rxd5 Bf8 51. Ke3 Rf5 52. Rxf5
gxf5 53. Kd3 a3 54. Kc2 Bd6 55. Kb3 Kf6 56. Nd2 Ke6 57. Nc4 Kd5 58. Nxd6 Kxd6
59. Kxa3 Kc5 60. Kb2 Kd4 61. Kc2 Ke3 62. Kd1 Kf2 63. g3 Kg2 64. Ke2 h4 65. Ke3
hxg3 66. hxg3 Kxg3 67. Ke2 f4 68. Kf1 Kf3 69. Kg1 Ke2 0-1

[Event "Monarch Assurance Isle of Man 8th"]
[Site "Port Erin IOM"]
[Date "1999.11.11"]
[Round "6"]
[White "Emms, John"]
[Black "Rowson, Jonathan"]
[Result "0-1"]
[WhiteElo "2586"]
[BlackElo "2494"]
[PlyCount "78"]
[EventDate "1999.11.06"]
[EventType "swiss"]
[EventRounds "9"]
[EventCountry "IOM"]

1. e4 c5 2. Nf3 d6 3. d4 Nf6 4. Nc3 cxd4 5. Nxd4 a6 6. Bc4 e6 7. a4 Be7 8. O-O
Nc6 9. Be3 Nb4 10. Bb3 e5 11. Nde2 Be6 12. Bg5 Nd7 13. Bxe7 Qxe7 14. Nd5 Nxd5
15. Bxd5 Nf6 16. Nc3 Rc8 17. Ba2 Rxc3 18. bxc3 Nxe4 19. Bxe6 Qxe6 20. Qb1 Nc5
21. Qb6 Ke7 22. Rfd1 Rc8 23. a5 Rc6 24. Qb4 g5 25. Rd2 h5 26. Rad1 g4 27. g3
Kd7 28. Rd5 Kc8 29. c4 Ne4 30. R1d3 Qf6 31. Qe1 Rxc4 32. Re3 Ng5 33. Qe2 Rc6
34. c3 Qf5 35. Rd1 h4 36. c4 Kc7 37. Rb3 Kc8 38. Rdb1 Nf3+ 39. Rxf3 Qxb1+ 0-1

[Event "Monarch Assurance Isle of Man 8th"]
[Site "Port Erin IOM"]
[Date "1999.11.11"]
[Round "6"]
[White "Farndon, David Alexander"]
[Black "Puuska, Heini"]
[Result "1-0"]
[WhiteElo "2238"]
[BlackElo "2035"]
[PlyCount "133"]
[EventDate "1999.11.06"]
[EventType "swiss"]
[EventRounds "9"]
[EventCountry "IOM"]

1. c4 Nf6 2. g3 e6 3. Bg2 d5 4. Nf3 c5 5. cxd5 exd5 6. d4 Nc6 7. O-O Bg4 8. Ne5
cxd4 9. Nxg4 Nxg4 10. Qb3 Qd7 11. Qxd5 Qxd5 12. Bxd5 Be7 13. Nd2 O-O 14. Bxc6
bxc6 15. Nc4 Rfe8 16. h3 Nf6 17. Rd1 c5 18. Bd2 Bf8 19. Kf1 Re6 20. Rac1 Ne4
21. Kg2 Rae8 22. e3 Rf6 23. Be1 dxe3 24. Nxe3 g6 25. Nd5 Rd6 26. f3 Nf6 27.
Nxf6+ Rxf6 28. Bc3 Re2+ 29. Kf1 Rfe6 30. Re1 Rxe1+ 31. Rxe1 Rxe1+ 32. Kxe1 Bd6
33. g4 Kf8 34. Kd2 Ke7 35. Kd3 Kd7 36. Kc4 Kc6 37. Bd2 Be7 38. Be3 h5 39. b4
cxb4 40. Bxa7 hxg4 41. hxg4 f5 42. Be3 fxg4 43. fxg4 Kd7 44. Bc5 Bd8 45. Bxb4
Ke6 46. Bc3 Kd6 47. a4 Kc6 48. Bb4 Bb6 49. Bc3 Bf2 50. a5 Bg3 51. Bd4 Be1 52.
a6 Bd2 53. Kd3 Bg5 54. Ke4 Bd8 55. Ke5 Be7 56. Ke6 Bh4 57. Kf7 g5 58. Kg6 Kc7
59. Be3 Be1 60. Kxg5 Bb4 61. Kf6 Be1 62. Kf5 Bh4 63. Bg5 Bf2 64. Bf4+ Kb6 65.
g5 Bc5 66. g6 Bf8 67. Kf6 1-0

[Event "Monarch Assurance Isle of Man 8th"]
[Site "Port Erin IOM"]
[Date "1999.11.11"]
[Round "6"]
[White "Fraser-Mitchell, Jeremy"]
[Black "Thorfinnsson, Bjorn"]
[Result "1-0"]
[WhiteElo "2066"]
[BlackElo "2195"]
[PlyCount "51"]
[EventDate "1999.11.06"]
[EventType "swiss"]
[EventRounds "9"]
[EventCountry "IOM"]

1. d4 Nf6 2. c4 e6 3. Nc3 Bb4 4. Bg5 c6 5. Qc2 d5 6. e3 Nbd7 7. cxd5 exd5 8.
Bd3 Be7 9. Nge2 O-O 10. O-O Re8 11. Rae1 Nf8 12. f3 Ng6 13. a3 h6 14. Bxg6 fxg6
15. Bf4 g5 16. Be5 Bd6 17. f4 Ng4 18. Qg6 Nxe5 19. fxe5 Bf8 20. Ng3 Kh8 21. Rf2
Qe7 22. Ref1 Be6 23. Rf7 Bxf7 24. Rxf7 Qxf7 25. Qxf7 b5 26. Nf5 1-0

[Event "Monarch Assurance Isle of Man 8th"]
[Site "Port Erin IOM"]
[Date "1999.11.11"]
[Round "6"]
[White "Goodger, Martyn"]
[Black "Bourne, James"]
[Result "0-1"]
[WhiteElo "2185"]
[BlackElo "2105"]
[PlyCount "42"]
[EventDate "1999.11.06"]
[EventType "swiss"]
[EventRounds "9"]
[EventCountry "IOM"]

1. e4 c6 2. c4 d5 3. cxd5 cxd5 4. exd5 Nf6 5. Nc3 Nxd5 6. Nf3 Nc6 7. Bb5 e6 8.
O-O Be7 9. d4 O-O 10. Re1 a6 11. Ba4 b5 12. Bc2 Ncb4 13. Bb1 Bb7 14. a3 Nxc3
15. bxc3 Nd5 16. Qd3 g6 17. Ne5 Rc8 18. c4 bxc4 19. Nxc4 Bg5 20. Bxg5 Qxg5 21.
Ne3 Nxe3 0-1

[Event "Monarch Assurance Isle of Man 8th"]
[Site "Port Erin IOM"]
[Date "1999.11.11"]
[Round "6"]
[White "Hank, Holger"]
[Black "Gill, Neville"]
[Result "0-1"]
[WhiteElo "2063"]
[BlackElo "2040"]
[PlyCount "68"]
[EventDate "1999.11.06"]
[EventType "swiss"]
[EventRounds "9"]
[EventCountry "IOM"]

1. d4 d5 2. Nf3 Nf6 3. e3 c6 4. Ne5 Nfd7 5. Nf3 g6 6. c4 dxc4 7. Bxc4 Nb6 8.
Bb3 Bg7 9. O-O O-O 10. Nc3 Bg4 11. h3 Bxf3 12. Qxf3 N8d7 13. Rd1 e5 14. d5 c5
15. d6 c4 16. Bc2 Nc5 17. Ne4 Nd3 18. Bxd3 cxd3 19. Nc5 Qxd6 20. Nxb7 Qe7 21.
Na5 e4 22. Qf4 Rfc8 23. Rd2 Rc7 24. Rb1 Rac8 25. Rd1 Be5 26. Qh6 Rc2 27. Nb3
Qf6 28. Nd2 Qc6 29. Nb3 Qa4 30. f4 Bg7 31. Qg5 Qxa2 32. Nd2 f5 33. g4 Nc4 34.
Nxc4 Qxb1 0-1

[Event "Monarch Assurance Isle of Man 8th"]
[Site "Port Erin IOM"]
[Date "1999.11.11"]
[Round "6"]
[White "Hebden, Mark"]
[Black "Psakhis, Lev"]
[Result "1/2-1/2"]
[WhiteElo "2510"]
[BlackElo "2581"]
[PlyCount "138"]
[EventDate "1999.11.06"]
[EventType "swiss"]
[EventRounds "9"]
[EventCountry "IOM"]

1. d4 e6 2. Nf3 c5 3. c3 d5 4. Bf4 Nc6 5. e3 Nf6 6. Nbd2 Qb6 7. Rb1 Be7 8. Bd3
Bd7 9. O-O O-O 10. Ne5 Rfd8 11. Qf3 Nxe5 12. dxe5 Ne4 13. Nxe4 dxe4 14. Bxe4
Rab8 15. Rfd1 Be8 16. h4 Qa5 17. a3 b5 18. h5 Rxd1+ 19. Rxd1 Rd8 20. Bc2 Rxd1+
21. Qxd1 b4 22. axb4 cxb4 23. c4 Qc7 24. b3 a5 25. Qd4 g6 26. Bh6 Qb8 27. Be4
a4 28. bxa4 Bxa4 29. c5 Be8 30. c6 b3 31. Qc3 Qb4 32. Qxb4 Bxb4 33. c7 Bd7 34.
Bg5 b2 35. Bd3 Bc8 36. f3 Ba5 37. Bd8 Bc3 38. f4 Kf8 39. Kf2 Ke8 40. Bb5+ Kf8
41. Bd3 Ba5 42. h6 Bb4 43. Ke2 Bd7 44. e4 Bc8 45. Kd1 Ba6 46. Bb1 Ke8 47. Kc2
Be7 48. Bxe7 Kxe7 49. Kxb2 Kd7 50. Kc3 Bf1 51. g3 Kxc7 52. Bd3 Bg2 53. Kd4 Bf3
54. f5 Kd8 55. Kc5 Ke7 56. f6+ Kf8 57. Kd4 Bd1 58. Bb5 Bb3 59. Bc6 Bc2 60. Kc5
Bd3 61. Kd4 Ba6 62. Ba4 Be2 63. Bc2 Ke8 64. Bb3 Bb5 65. Bc4 Bc6 66. Bd3 Ba4 67.
Kc5 Kf8 68. Kb4 Bd1 69. Kc3 Ke8 1/2-1/2

[Event "Monarch Assurance Isle of Man 8th"]
[Site "Port Erin IOM"]
[Date "1999.11.11"]
[Round "6"]
[White "Hickman, John"]
[Black "Coleman, David"]
[Result "0-1"]
[WhiteElo "2125"]
[BlackElo "2240"]
[PlyCount "80"]
[EventDate "1999.11.06"]
[EventType "swiss"]
[EventRounds "9"]
[EventCountry "IOM"]

1. Nf3 Nf6 2. g3 g6 3. b4 Bg7 4. Bb2 O-O 5. Bg2 d6 6. O-O e5 7. d3 c6 8. Nbd2
Nbd7 9. c4 Re8 10. e4 a5 11. a3 Qb6 12. Bc3 axb4 13. axb4 Rxa1 14. Qxa1 h5 15.
c5 dxc5 16. Nxe5 Bf8 17. Ndc4 Qd8 18. bxc5 Bxc5 19. Nxd7 Nxd7 20. d4 Bf8 21. f4
b5 22. Ne3 b4 23. Bb2 Nf6 24. e5 Nd5 25. Nxd5 cxd5 26. Qa2 Be6 27. Bf3 Qd7 28.
Ra1 Rc8 29. Rc1 Rc4 30. f5 gxf5 31. Bxh5 Qc6 32. Rf1 Rc2 33. Bd1 Rd2 34. Qa1
Qc4 35. Rf2 Bh6 36. Rxd2 Bxd2 37. Kf2 Qd3 38. Bf3 Qe3+ 39. Kg2 Be1 40. Bh5 f4
0-1

[Event "Monarch Assurance Isle of Man 8th"]
[Site "Port Erin IOM"]
[Date "1999.11.11"]
[Round "6"]
[White "Hill, David"]
[Black "Longson, Alex"]
[Result "1/2-1/2"]
[WhiteElo "2024"]
[BlackElo "2169"]
[PlyCount "110"]
[EventDate "1999.11.06"]
[EventType "swiss"]
[EventRounds "9"]
[EventCountry "IOM"]

1. d4 Nf6 2. c4 d6 3. Nc3 Nbd7 4. Nf3 e5 5. Bg5 Be7 6. e3 O-O 7. Qc2 c6 8. Bd3
h6 9. h4 Re8 10. Kf1 Qc7 11. g4 Nxg4 12. Bxe7 Rxe7 13. Ke2 exd4 14. Nxd4 Nde5
15. Bf5 Nxc4 16. Rag1 h5 17. b3 Nce5 18. Bxc8 Rxc8 19. Nf5 Re6 20. f3 Nxf3 21.
Kxf3 g6 22. Nd4 Rxe3+ 23. Kg2 d5 24. Rh3 Rce8 25. Nxd5 Qe5 26. Rxe3 Nxe3+ 27.
Nxe3 Qxe3 28. Qf2 Qd3 29. Rf1 Re7 30. Qf4 c5 31. Nf3 Qd5 32. Qd2 Qe4 33. Re1
Qg4+ 34. Kf2 Rxe1 35. Qxe1 Qf5 36. Qe8+ Kg7 37. Qe5+ Qxe5 38. Nxe5 f6 39. Nd3
b6 40. Ke3 g5 41. hxg5 fxg5 42. Ke4 Kf6 43. a4 Ke6 44. a5 bxa5 45. Nxc5+ Kd6
46. Kd4 g4 47. Ne4+ Kc6 48. Ng3 Kb5 49. Kc3 h4 50. Nf5 h3 51. Ng3 h2 52. Nh1
Kc5 53. Ng3 Kd5 54. Kd3 Ke5 55. Ke3 a6 1/2-1/2

[Event "Monarch Assurance Isle of Man 8th"]
[Site "Port Erin IOM"]
[Date "1999.11.11"]
[Round "6"]
[White "Kiriakov, Petr"]
[Black "Kudrin, Sergei"]
[Result "1/2-1/2"]
[WhiteElo "2554"]
[BlackElo "2525"]
[PlyCount "103"]
[EventDate "1999.11.06"]
[EventType "swiss"]
[EventRounds "9"]
[EventCountry "IOM"]

1. d4 Nf6 2. c4 g6 3. Nc3 d5 4. Nf3 Bg7 5. cxd5 Nxd5 6. e4 Nxc3 7. bxc3 c5 8.
Rb1 O-O 9. Be2 b6 10. O-O Bb7 11. Qd3 Ba6 12. Qe3 e6 13. dxc5 Bxe2 14. Qxe2 Qc7
15. cxb6 axb6 16. Be3 Nd7 17. Rfc1 Ra4 18. Rb4 Rfa8 19. Rxa4 Rxa4 20. c4 Qc6
21. Rd1 Nf8 22. e5 Rxc4 23. Bxb6 Rc2 24. Nd4 Rxe2 25. Nxc6 Rxa2 26. f4 h6 27.
Be3 Re2 28. Rd3 Rc2 29. Rd6 Re2 30. Bd2 Re4 31. Kf2 Rc4 32. g3 Nh7 33. Rd8+ Bf8
34. Rc8 Kg7 35. Ke3 Ba3 36. Kd3 Rc5 37. Be3 Rd5+ 38. Kc4 Rd7 39. Bd4 h5 40. Ra8
Bf8 41. Rb8 Kh6 42. h4 Kg7 43. Kb5 Ba3 44. Ra8 Bf8 45. Ra4 Be7 46. Ka6 Bf8 47.
Rc4 Ba3 48. Kb6 Be7 49. Nb8 Rd5 50. Kc7 Bd8+ 51. Kc6 Ba5 52. Bc3 1/2-1/2